000 003530000a22001450004500
005 20120302060242.0
942 _cBOOK
100 _a Joshi,Vasant Hari
245 _a Sri Dnyaneshwarpranit Kimayaa:Bhag 1
260 _aPune:Brain Trust Publications,1961.
300 _a88p.
040 _aMAR
650 _aTatvadnyan
650 _aDnyaneshwari Kimayaa
999 _c350666
_d350663